La astronáutica /

Guardado en:
Autor Principal: Laming, Lionel
Formato: Libro
Publicado: Argentina : Eudeba, 1966
Materias:
Etiquetas: Agregar Etiqueta
Sin Etiquetas, Sea el primero en etiquetar este registro!
LEADER 00702nam a22001935a 4500
001 CEM.cems003704
005 19000101000000.0
008 130507s1966##################000#0#####d
003 CEMS
082 0 4 |a 629.4 
100 1 |a Laming, Lionel 
245 1 0 |a La astronáutica / 
260 |a Argentina :  |b Eudeba,  |c 1966 
300 |a 107 p. 
505 0 |a Por qué giran los satélites.-Lanzamiento de los satélites y puesta en ¢rbita.-Los movimientos y la ca¡da de los satélites.-Utilizaci¢n de los satélites.-Antes de los satélites.-Las realizaciones. 
653 |a Astronautica 
653 |a Hombre-ambientes adversos 
653 |a Vida espacial 
859 |a CEMS  |b BIB. CEMS - 11 de abril  |h 629.4  |i L186  |p 2681.74  |t Ej.1